Capoluoghi della Sardegna da Sud a Nord - Statistics

Statistiche generali
  • Questo quiz è stato fatto 16 volte
  • Il punteggio medio è 5 su 5
Statistiche sulle risposte
Latitudine Capoluogo % Corretto
39° 12' 54"N Cagliari
100%
40° 43' 38"N Sassari
100%
40° 19' 16"N Nuoro
93%
39° 54' 19"N Oristano
93%
39° 09' 59"N Carbonia
86%
Nessun quiz corrispondente trovato
Distribuzione punteggi
Percentuale di utenti per punteggio
Percentile per numero di risposta
I tuoi punteggi nel tempo
Non hai fatto questo quiz